مختصر إتحاف السادة المهرة بزوائد المسانيد العشرة / (رقم التسجيلة. 27156)
[ عرض عادي ]
| 000 -LEADER | |
|---|---|
| fixed length control field | 00687nam a22001937a 4500 |
| 005 - DATE AND TIME OF LATEST TRANSACTION | |
| control field | 20251108165415.0 |
| 008 - FIXED-LENGTH DATA ELEMENTS--GENERAL INFORMATION | |
| fixed length control field | 250721s1996 xx 000 0 ara d |
| 082 14 - DEWEY DECIMAL CLASSIFICATION NUMBER | |
| Classification number | م/213.3/بوص |
| 100 1# - MAIN ENTRY--PERSONAL NAME | |
| Personal name | البوصيري، أبو العباس شهاب الدين أحمد |
| 245 10 - TITLE STATEMENT | |
| Title | مختصر إتحاف السادة المهرة بزوائد المسانيد العشرة / |
| 264 1# - PRODUCTION, PUBLICATION, DISTRIBUTION, MANUFACTURE, AND COPYRIGHT NOTICE | |
| Place of production, publication, distribution, manufacture | بيروت : |
| Name of producer, publisher, distributor, manufacturer | دار الكتب العلمية، |
| Date of production, publication, distribution, manufacture, or copyright notice | 1996. |
| 300 ## - PHYSICAL DESCRIPTION | |
| Extent | 10ج في 5مج |
| 650 17 - SUBJECT ADDED ENTRY--TOPICAL TERM | |
| Topical term or geographic name as entry element | الإسلام |
| 650 17 - SUBJECT ADDED ENTRY--TOPICAL TERM | |
| Topical term or geographic name as entry element | الحيث الشريف |
| 700 1# - ADDED ENTRY--PERSONAL NAME | |
| Personal name | حسن، سيد كسروى |
| Relator term | تحقيق |
| 700 1# - ADDED ENTRY--PERSONAL NAME | |
| Personal name | شهاب، أبي العباس |
| 942 ## - ADDED ENTRY ELEMENTS (KOHA) | |
| Source of classification or shelving scheme | Dewey Decimal Classification |
| Koha item type | مراجع |
| حالة السحب | حالة الفقدان | مصدر التصنيف | حالة التلف | غير قابل للإعارة | المكتبة الرئيسية | المكتبة الحالية | موقع الرف | تاريخ التزويد | الرقم المتسلسل | Total Checkouts | رقم الإستدعاء | الباركود | تاريخ آخر ظهور | تاريخ الفاتورة | نوع المادة (كوها) |
|---|---|---|---|---|---|---|---|---|---|---|---|---|---|---|---|
| Dewey Decimal Classification | Not For Loan | المكتبة المركزية | المكتبة المركزية | مراجع | 06/07/2004 | 277268 | م/213.3/بوص | 277268 | 28/07/2025 | 06/07/2004 | مراجع | ||||
| Dewey Decimal Classification | Not For Loan | المكتبة المركزية | المكتبة المركزية | مراجع | 06/07/2004 | 277269 | م/213.3/بوص | 277269 | 28/07/2025 | 06/07/2004 | مراجع | ||||
| Dewey Decimal Classification | Not For Loan | المكتبة المركزية | المكتبة المركزية | مراجع | 06/07/2004 | 277270 | م/213.3/بوص | 277270 | 28/07/2025 | 06/07/2004 | مراجع | ||||
| Dewey Decimal Classification | Not For Loan | المكتبة المركزية | المكتبة المركزية | مراجع | 06/07/2004 | 277271 | م/213.3/بوص | 277271 | 28/07/2025 | 06/07/2004 | مراجع | ||||
| Dewey Decimal Classification | Not For Loan | المكتبة المركزية | المكتبة المركزية | مراجع | 06/07/2004 | 277267 | م/213.3/بوص | 277267 | 28/07/2025 | 06/07/2004 | مراجع |